000 00347nam a22001457a 4500
008 210301b ||||| |||| 00| 0 eng d
020 _a2780075571909
041 _aeng
080 _22nd
_a316
082 _a316
100 _a50
101 _aSOC
245 _aThe social Experince an Introduction to Sociology
_cZanden, J.W.V
942 _2udc
_cBK
999 _c55356
_d55356